000 00468nam a2200181Ia 4500
001 9160
005 20260306160703.0
008 260306t2006||||xx |||||||||||||| ||spa||
041 _aESP
082 _a373.2249854
_bC75
100 _aColoma Elías, Guillermo W.
_eAUT
245 0 _aEl colegio nacional de mollendo en su aniversario (1923-1948)
260 _c2006
300 _a96 páginas :
_c24 cm.
650 _aGEN
654 _aCED
942 _cLIB
_dJUS
_fJUS
_2ddc
_n
999 _c9160
_d9160